000 00888nam a2200217 a 4500
001 000039285
005 20201002031558.0
008 130621s19781980sp ac 000 0 spa d
020 _a8420507008
020 _a8420506222
020 _a8420506958
040 _aDO-SdBNP
_bspa
_cBNPHU
245 0 0 _aHistoria del Arte Hispánico /
_cdirección, Rogelio Buendía; coordinación, Consuelo Alvarez de Miranda.
260 _aMadrid :
_bAlhambra,
_c1978-1980.
300 _a7 v :
_bil., restrs. ;
_c24 cm.
500 _aLa biblioteca posee los volumenes; IV, V y VI
500 _aIncluyen bibliográfias e índices
505 0 _tLa antigüedad (2v.)
_gv. 1
_tLa edad media
_gv. 2
_tEl renacimiento
_gv. 3
_tEl barroco y el rococó
_gv. 4
_tDel noclasicismo al modernismo
_gv. 5
_tEl siglo XX
_gv. 6
700 1 _aBuendía, Rogelio
_edir.
_965479
700 1 _aAlvarez de Miranda, Consuelo
_ecoord.
_965480
999 _c38775
_d38775